000
00198nam a2200097Ia 4500
008
190216s9999||||xx |||||||||||||| ||und||
100
_a
Ayyaneth
245
0
_a
Durdasha
260
_b
Null
942
_c
BK
999
_c
24777
_d
24777